De bom humor (Registo nº 201182)

Detalhes MARC
000 -Etiqueta do registo
Valores 00539nam 22001813 4500
100 ## - Dados gerais de processamento
Dados gerais 20240125d u||y0pory50 ba
200 ## - Titulo e menção de responsabilidade
Título próprio De bom humor
Primeira menção de responsabilidade Brito Camacho
210 ## - Publicação
Local de publicação Lisboa
Nome do editor Guimarães
Data de publicação [19--?]
215 ## - Descrição física 
Paginação / Volumes 221, [2] p.
Outras indicações físicas brochado
Dimensões 19 cm
300 ## - Notas gerais 
Texto da nota .- Assinatura do Prof. Dr. Almeida faria na folha de guarda
606 ## - Nome comum usado como assunto
Palavra de ordem Literatura Portuguesa
ID Autoridade 6
675 ## - CDU
Notação 821.134.3-3
Edição PT
Língua por
700 ## - Autor principal (pessoa individual)
ID Autoridade 3651
Apelido Camacho
Nome Brito
801 ## - Fonte de origem
País PT
Agência BMMN
Regras de catalogação RPC
830 ## - Notas gerais do catalogador
Criado por Ana Falardo
Indexado por Ana Falardo
990 ## - Elementos KOHA
Tipo de documento Livro
Exemplares
Situação do levantamento Biblioteca de origem Código de barras Cota Permissão de empréstimo Tipo de documento Nota relativa ao exemplar Forma de aquisição
  Biblioteca Municipal de Montemor-o-Novo 30473 821.134.3-3 CAM|SAF   Livro Acesso condicionado Oferta

Powered by Koha